<?xml version="1.0" encoding="UTF-8"?>
<record
    xmlns:xsi="http://www.w3.org/2001/XMLSchema-instance"
    xsi:schemaLocation="http://www.loc.gov/MARC21/slim http://www.loc.gov/standards/marcxml/schema/MARC21slim.xsd"
    xmlns="http://www.loc.gov/MARC21/slim">

  <leader>01284nam a22002657a 4500</leader>
  <controlfield tag="001">38564</controlfield>
  <controlfield tag="003">BD-RjUL</controlfield>
  <controlfield tag="005">20211209052822.0</controlfield>
  <controlfield tag="008">151231s2012    bg ||||| b||| 001 0 ben d</controlfield>
  <datafield tag="020" ind1=" " ind2=" ">
    <subfield code="a">98483096207</subfield>
  </datafield>
  <datafield tag="035" ind1=" " ind2=" ">
    <subfield code="a">(BD-RjUL)38669</subfield>
  </datafield>
  <datafield tag="040" ind1=" " ind2=" ">
    <subfield code="a">BD-RjUL</subfield>
    <subfield code="b">ben</subfield>
    <subfield code="c">BD-RjUL</subfield>
  </datafield>
  <datafield tag="041" ind1=" " ind2=" ">
    <subfield code="a">ben</subfield>
  </datafield>
  <datafield tag="082" ind1=" " ind2=" ">
    <subfield code="2">22</subfield>
    <subfield code="a">891.440721</subfield>
    <subfield code="b">SAS 2012</subfield>
  </datafield>
  <datafield tag="100" ind1=" " ind2=" ">
    <subfield code="a">&#x9B8;&#x9BE;&#x9AE;&#x9BE;&#x9A6;&#x9C0;, &#x9B8;&#x9AB;&#x9BF;&#x995;&#x9C1;&#x9A8;&#x9CD;&#x9A8;&#x9AC;&#x9C0; </subfield>
    <subfield code="9">118668</subfield>
  </datafield>
  <datafield tag="245" ind1=" " ind2=" ">
    <subfield code="a">&#x9B8;&#x9BE;&#x9B9;&#x9BF;&#x9A4;&#x9CD;&#x9AF;-&#x997;&#x9AC;&#x9C7;&#x9B7;&#x9A3;&#x9BE; :</subfield>
    <subfield code="b">&#x9AC;&#x9BF;&#x9B7;&#x9AF;&#x9BC; &#x993; &#x995;&#x9CC;&#x9B6;&#x9B2; /</subfield>
    <subfield code="c">&#x9B8;&#x9AB;&#x9BF;&#x995;&#x9C1;&#x9A8;&#x9CD;&#x9A8;&#x9AC;&#x9C0; &#x9B8;&#x9BE;&#x9AE;&#x9BE;&#x9A6;&#x9C0;, &#x997;&#x9BE;&#x99C;&#x9C0; &#x9AE;&#x9CB;: &#x9B8;&#x9BE;&#x987;&#x9AB;&#x9C1;&#x99C;&#x9CD;&#x99C;&#x9BE;&#x9AE;&#x9BE;&#x9A8; &#x993; &#x9AE;&#x9CB;: &#x9AE;&#x9C7;&#x9B9;&#x9C7;&#x9A6;&#x9C0; &#x9B9;&#x9BE;&#x9B8;&#x9BE;&#x9A8;</subfield>
  </datafield>
  <datafield tag="260" ind1=" " ind2=" ">
    <subfield code="a">&#x9A2;&#x9BE;&#x995;&#x9BE; :</subfield>
    <subfield code="b">&#x9AC;&#x9BF;&#x9B6;&#x9CD;&#x9AC;&#x9B8;&#x9BE;&#x9B9;&#x9BF;&#x9A4;&#x9CD;&#x9AF; &#x9AD;&#x9AC;&#x9A8;,</subfield>
    <subfield code="c">&#x9E8;&#x9E6;&#x9E7;&#x9E8;</subfield>
  </datafield>
  <datafield tag="300" ind1=" " ind2=" ">
    <subfield code="a">&#x9E8;&#x9EB;&#x9EF; &#x9AA;&#x9C3;. ;</subfield>
    <subfield code="c">&#x9E8;&#x9E7; &#x9B8;&#x9C7;&#x9AE;&#x9BF;.</subfield>
  </datafield>
  <datafield tag="504" ind1=" " ind2=" ">
    <subfield code="a">&#x9AC;&#x9BF;&#x9AC;&#x9B2;&#x9BF;&#x993;&#x997;&#x9CD;&#x9B0;&#x9BE;&#x9AB;&#x9BF; &#x993; &#x987;&#x9A8;&#x9A1;&#x9C7;&#x995;&#x9CD;&#x9B8; &#x985;&#x9A8;&#x9CD;&#x9A4;&#x9B0;&#x9CD;&#x9AD;&#x9C1;&#x995;&#x9CD;&#x9A4; &#x986;&#x99B;&#x9C7;.  </subfield>
  </datafield>
  <datafield tag="650" ind1=" " ind2=" ">
    <subfield code="a">Bengali literature</subfield>
    <subfield code="x">Research </subfield>
    <subfield code="x">Methodology</subfield>
    <subfield code="9">119027</subfield>
  </datafield>
  <datafield tag="650" ind1=" " ind2=" ">
    <subfield code="a">&#x9AC;&#x9BE;&#x982;&#x9B2;&#x9BE; &#x9B8;&#x9BE;&#x9B9;&#x9BF;&#x9A4;&#x9CD;&#x9AF;</subfield>
    <subfield code="x">&#x997;&#x9AC;&#x9C7;&#x9B7;&#x9A3;&#x9BE; </subfield>
    <subfield code="x">&#x995;&#x9CC;&#x9B6;&#x9B2;</subfield>
    <subfield code="9">119040</subfield>
  </datafield>
  <datafield tag="700" ind1=" " ind2=" ">
    <subfield code="a">&#x9B8;&#x9BE;&#x987;&#x9AB;&#x9C1;&#x99C;&#x9CD;&#x99C;&#x9BE;&#x9AE;&#x9BE;&#x9A8;, &#x997;&#x9BE;&#x99C;&#x9C0; &#x9AE;&#x9CB;:  </subfield>
    <subfield code="9">119025</subfield>
  </datafield>
  <datafield tag="700" ind1=" " ind2=" ">
    <subfield code="a">&#x9B9;&#x9BE;&#x9B8;&#x9BE;&#x9A8;, &#x9AE;&#x9CB;: &#x9AE;&#x9C7;&#x9B9;&#x9C7;&#x9A6;&#x9C0; </subfield>
    <subfield code="9">119026</subfield>
  </datafield>
  <datafield tag="942" ind1=" " ind2=" ">
    <subfield code="2">ddc</subfield>
    <subfield code="c">BK</subfield>
    <subfield code="0">2</subfield>
  </datafield>
  <datafield tag="999" ind1=" " ind2=" ">
    <subfield code="c">38564</subfield>
    <subfield code="d">38564</subfield>
  </datafield>
  <datafield tag="952" ind1=" " ind2=" ">
    <subfield code="0">0</subfield>
    <subfield code="1">0</subfield>
    <subfield code="2">ddc</subfield>
    <subfield code="4">0</subfield>
    <subfield code="7">0</subfield>
    <subfield code="a">RUCL</subfield>
    <subfield code="b">RUCL</subfield>
    <subfield code="c">Stack</subfield>
    <subfield code="d">2013-07-31</subfield>
    <subfield code="e">&#x9A2;&#x9BE;&#x995;&#x9BE; : &#x9AC;&#x9BF;&#x9B6;&#x9CD;&#x9AC;&#x9B8;&#x9BE;&#x9B9;&#x9BF;&#x9A4;&#x9CD;&#x9AF; &#x9AD;&#x9AC;&#x9A8;</subfield>
    <subfield code="g">320.00</subfield>
    <subfield code="l">13</subfield>
    <subfield code="o">B 891.440721 SAS 2012</subfield>
    <subfield code="r">2025-07-10 00:00:00</subfield>
    <subfield code="s">2025-06-25</subfield>
    <subfield code="t">C-3</subfield>
    <subfield code="w">2021-12-09</subfield>
    <subfield code="y">BK</subfield>
  </datafield>
  <datafield tag="952" ind1=" " ind2=" ">
    <subfield code="0">0</subfield>
    <subfield code="1">0</subfield>
    <subfield code="2">ddc</subfield>
    <subfield code="4">0</subfield>
    <subfield code="7">1</subfield>
    <subfield code="a">RUCL</subfield>
    <subfield code="b">RUCL</subfield>
    <subfield code="c">REF</subfield>
    <subfield code="d">2013-07-31</subfield>
    <subfield code="e">&#x9A2;&#x9BE;&#x995;&#x9BE; : &#x9AC;&#x9BF;&#x9B6;&#x9CD;&#x9AC;&#x9B8;&#x9BE;&#x9B9;&#x9BF;&#x9A4;&#x9CD;&#x9AF; &#x9AD;&#x9AC;&#x9A8;</subfield>
    <subfield code="g">320.00</subfield>
    <subfield code="o">BR 891.440721 SAS 2012</subfield>
    <subfield code="r">2015-12-31 00:00:00</subfield>
    <subfield code="t">C-2</subfield>
    <subfield code="y">BK</subfield>
  </datafield>
  <datafield tag="952" ind1=" " ind2=" ">
    <subfield code="0">0</subfield>
    <subfield code="1">0</subfield>
    <subfield code="2">ddc</subfield>
    <subfield code="4">0</subfield>
    <subfield code="7">0</subfield>
    <subfield code="a">RUCL</subfield>
    <subfield code="b">RUCL</subfield>
    <subfield code="c">Stack</subfield>
    <subfield code="d">2013-07-31</subfield>
    <subfield code="e">&#x9A2;&#x9BE;&#x995;&#x9BE; : &#x9AC;&#x9BF;&#x9B6;&#x9CD;&#x9AC;&#x9B8;&#x9BE;&#x9B9;&#x9BF;&#x9A4;&#x9CD;&#x9AF; &#x9AD;&#x9AC;&#x9A8;</subfield>
    <subfield code="g">320.00</subfield>
    <subfield code="l">8</subfield>
    <subfield code="o">B 891.440721 SAS 2012</subfield>
    <subfield code="r">2026-02-19 00:00:00</subfield>
    <subfield code="s">2026-02-05</subfield>
    <subfield code="t">C-4</subfield>
    <subfield code="w">2015-12-31</subfield>
    <subfield code="y">BK</subfield>
  </datafield>
  <datafield tag="952" ind1=" " ind2=" ">
    <subfield code="0">0</subfield>
    <subfield code="1">0</subfield>
    <subfield code="2">ddc</subfield>
    <subfield code="4">0</subfield>
    <subfield code="7">0</subfield>
    <subfield code="a">RUCL</subfield>
    <subfield code="b">RUCL</subfield>
    <subfield code="c">Stack</subfield>
    <subfield code="d">2013-07-31</subfield>
    <subfield code="e">&#x9A2;&#x9BE;&#x995;&#x9BE; : &#x9AC;&#x9BF;&#x9B6;&#x9CD;&#x9AC;&#x9B8;&#x9BE;&#x9B9;&#x9BF;&#x9A4;&#x9CD;&#x9AF; &#x9AD;&#x9AC;&#x9A8;</subfield>
    <subfield code="g">320.00</subfield>
    <subfield code="l">2</subfield>
    <subfield code="o">B 891.440721 SAS 2012</subfield>
    <subfield code="r">2024-09-29 00:00:00</subfield>
    <subfield code="s">2024-09-19</subfield>
    <subfield code="t">C-5</subfield>
    <subfield code="w">2015-12-31</subfield>
    <subfield code="y">BK</subfield>
  </datafield>
  <datafield tag="952" ind1=" " ind2=" ">
    <subfield code="0">0</subfield>
    <subfield code="1">0</subfield>
    <subfield code="2">ddc</subfield>
    <subfield code="4">0</subfield>
    <subfield code="7">1</subfield>
    <subfield code="a">RUCL</subfield>
    <subfield code="b">RUCL</subfield>
    <subfield code="c">Reading</subfield>
    <subfield code="d">2013-07-31</subfield>
    <subfield code="e">&#x9A2;&#x9BE;&#x995;&#x9BE; : &#x9AC;&#x9BF;&#x9B6;&#x9CD;&#x9AC;&#x9B8;&#x9BE;&#x9B9;&#x9BF;&#x9A4;&#x9CD;&#x9AF; &#x9AD;&#x9AC;&#x9A8;</subfield>
    <subfield code="g">320.00</subfield>
    <subfield code="l">0</subfield>
    <subfield code="o">B 891.440721 SAS 2012</subfield>
    <subfield code="r">2015-12-31 00:00:00</subfield>
    <subfield code="t">C-1</subfield>
    <subfield code="w">2015-12-31</subfield>
    <subfield code="y">BK</subfield>
  </datafield>
</record>
